00728nam a2200229 a 4500001001300000003000900013005001700022008004100039020002600080082001700106100001600123245006400139260004300203300000900246500003500255505002400290650003600314902000800350942000700358952011800365999001500483nice12345678IN_TiNIC20260116013055.0050524s1991 lona grp 000 0 eng  a0415830 c961.2600a181.403bURM aUrmson, J O aConcise Encyclopedia of Western Philosophy and Philosophers aLondon bRoutledge Chapman Hall c1991 a331p aincludes index and biblioraphy2 aSelect Bibliography aPhilosophy-Western Encyclopedia bSRS cBK 001040708StackRoom-aHMIbHMId2007-08-30g961.26l0o181.403 URMp017911r2007-08-30v961.26w2005-05-24yBK c9541d9541